Airlines Serving the Airports of Vietnam - Statistics

General Stats
  • This quiz has been taken 119 times
  • The average score is 38 of 73
Answer Stats
Airports Served Airline % Correct
BMV, CXR, DAD, DIN, DLI, HAN, HPH, HUI, PQC, PXU, SGN, TBB, THD, UIH, VCA, VCL, VDH, VDO, VII Vietnam Airlines
98%
CXR, HAN, SGN Air China
91%
HAN, SGN China Airlines
90%
DAD, DLI, VCA Thai VietJet Air
84%
BMV, CXR, DAD, DLI, HAN, HPH, HUI, PQC, PXU, SGN, TBB, THD, UIH, VCA, VCL, VDH, VDO, VII VietJet Air
84%
HAN, SGN Singapore Airlines
83%
HAN, SGN Thai Airways
83%
HAN, SGN Japan Airlines
81%
HAN, SGN Malaysia Airlines
80%
CXR, DAD, HAN, SGN Korean Air
79%
HAN, SGN All Nippon Airways
76%
DAD, HAN, PQC, SGN China Eastern Airlines
75%
CXR, DAD, HAN, PQC, SGN China Southern Airlines
75%
HAN, SGN Emirates
75%
HAN, SGN EVA Air
75%
DAD, HAN, SGN Qatar Airways
75%
DAD, HAN Cathay Dragon
74%
SGN Cathay Pacific
74%
SGN Jetstar Airways
74%
DAD Jetstar Asia Airways
74%
BMV, CXR, DAD, DLI, HAN, HPH, HUI, PQC, PXU, SGN, TBB, THD, UIH, VCL, VDH, VII Jetstar Pacific Airways
74%
CXR, DAD, HAN, PQC, SGN, VCA AirAsia
73%
HAN, SGN Philippine Airlines
72%
CXR, DAD, HAN, SGN, VCA Thai AirAsia
72%
HAN, SGN Aeroflot
71%
SGN Air France
67%
DAD, HAN, SGN Asiana Airlines
67%
BMV, CXR, DAD, DLI, HAN, HUI, PQC, PXU, SGN, THD, UIH, VCA, VDH, VDO, VII Bamboo Airways
65%
HAN, SGN Scoot
61%
HAN, SGN Hong Kong Airlines
60%
HAN, SGN Cebu Pacific
58%
HAN, SGN Lao Airlines
58%
CXR, DAD Hainan Airlines
56%
DAD, HAN, PQC, Bangkok Airways
54%
HAN, SGN Turkish Airlines
54%
SGN Royal Brunei Airlines
52%
SGN XiamenAir
48%
CXR, DAD, HAN, SGN Jeju Air
47%
HAN Thai Lion Air
47%
DAD, SGN Cambodia Angkor Air
44%
HAN Shenzhen Airlines
44%
DAD, HAN SilkAir
40%
DAD, HAN, SGN Malindo Air
39%
CXR S7 Airlines
38%
HAN Shanghai Airlines
38%
CXR, DAD, SGN Sichuan Airlines
38%
DAD Air Seoul
37%
CXR, DAD Beijing Capital Airlines
37%
DAD, HAN Air Busan
36%
DAD, HAN, SGN Nok Air
36%
DAD, HAN Air Macau
35%
SGN Finnair
35%
DAD, HAN Jin Air
35%
CXR, DAD, HAN T'way Airlines
35%
HAN, SGN Mandarin Airlines
31%
CAH, DAD, HAN, SGN, TBB, VCS, VII, VKG VASCO
31%
HAN, SGN Chongqing Airlines
30%
CXR, DAD Eastar Jet
28%
SGN Edelweiss Air
28%
DAD, PQC Okay Airways
28%
CXR, PQC Qingdao Airlines
27%
PQC TUI
27%
CXR, PQC Azur Air
26%
CXR, PQC Lucky Air
26%
CXR, DAD HK Express
25%
CXR Nordwind Airlines
25%
CXR, DAD Loong Air
22%
PQC Neos
22%
CXR Pegas Fly
22%
HPH, PQC, VDO Donghai Airlines
21%
CXR Sunday Airlines
21%
PQC Thomas Cook Airlines Scandinavia
20%
DAD, HAN, HUI, VDH Hai Au Aviation
19%
No matching quizzes found
Score Distribution
Percent of People with Each Score
Percentile by Number Answered
Your Score History
You have not taken this quiz